000 08416nam a22006497a 4500
005 20081107125036.0
008 081107t xxu||||| |||| 00| p hin
010 _aHIN-84787 B-322061-088
020 _c150.00
_a9788190500272
035 _aHN-57133
035 _aB-322061-088
037 _bDBAD / PUB
037 _bमानसी प्रकाशन
040 _aDPL
_bHN
082 _a821
100 _aप्रसाद, जयशंकर
_922649
245 _aकामायनी /
_cजयशंकर प्रसाद
246 _aKamayani
_bby Shanker Prasad
260 _aदिल्ली
_bमानसी प्रकाशन
_c2008
270 _a4760-61, 23 अंसारी रोड, दरियागंज
_bदिल्ली
_e110002
300 _a128 पृ
_c22सेमी (सजिल्द)
650 _aहिन्दी कविता
_9697
650 _aHindi poetry
_9698
942 _2ddc
_cHN
_mप्रसाद
_h821
999 _c18257
_d18257